Online Catalogue and eLibrary

Women at work : (Record no. 2659)

MARC details
000 -LEADER
fixed length control field 00427nam a2200145Ia 4500
005 - DATE AND TIME OF LATEST TRANSACTION
control field 20240429041153.0
008 - FIXED-LENGTH DATA ELEMENTS--GENERAL INFORMATION
fixed length control field 240331s9999 xx 000 0 und d
082 ## - DDC Classification
Item Number - Author Mark WOM
Class No. 331.4
245 #0 - TITLE STATEMENT
Title Women at work :
Remainder of title white paper on working women in Europe
Statement of responsibility, etc. European trade union confederation.
260 ## - PUBLICATION, DISTRIBUTION, ETC.
Place of publication, distribution, etc. Brussels
Name of publisher, distributor, etc. European Trade union Confederation
Date of publication, distribution, etc. 1976
300 ## - PHYSICAL DESCRIPTION
Extent (e.g. Volumes, Pages etc.) 181 p .,
650 ## - SUBJECT ADDED ENTRY--TOPICAL TERM
Topical term or geographic name entry element Women
650 ## - SUBJECT ADDED ENTRY--TOPICAL TERM
Topical term or geographic name entry element Society
942 ## - Koha item type (Biblio)
Koha item type Books in Stacks (Lending)
Holdings
Lost status Damaged status Collection code Home library Current library Shelving location Date acquired Full call number Accession Number Item type
    Lending WERC Library WERC Library Social Science Cupboard 03/31/2024 331.4 WOM 251 Books in Stacks (Lending)

© WERC Library